Inferno di Dante - Statistics

Statistiche generali
  • Questo quiz è stato fatto 347 volte
    336 dall'ultimo reset
  • Il punteggio medio è 17 su 44
Statistiche sulle risposte
% Corretto
Lussuriosi
89%
Golosi
86%
Ignavi
74%
Limbo
72%
Contro se stessi
60%
Contro Dio, arte e natura
57%
Traditori della Patria
55%
Contro il prossimo
52%
Eretici ed Epicurei
52%
Lucifero
51%
Avari e Prodighi
50%
Acheronte
49%
Selva Oscura
48%
Ladri
47%
Stige
45%
Consiglieri Fraudolenti
44%
Non Battezzati e Pagani Virtuosi
42%
Simoniaci
42%
Dite
41%
Traditori dei Parenti
41%
Porta dell'Inferno
39%
Caina
38%
Maghi e Indovini
36%
Traditori dei Benefattori
36%
Giudecca
33%
Iracondi e Accidiosi
33%
Barattieri
32%
Traditori degli Ospiti
32%
Tolomea
31%
Cocito
30%
Falsari
30%
Adulatori e Lusingatori
29%
Flegetonte
29%
Antenora
28%
Ipocriti
28%
Seminatori di Discordia e Scismatici
25%
Pozzo dei Giganti
24%
Seduttori e Ruffiani
23%
Malebolge
22%
Violenza
18%
Incontinenza
17%
Alto Burrato
13%
Frode
11%
Gironi
6%
Nessun quiz corrispondente trovato
Distribuzione punteggi
Percentuale di utenti per punteggio
Percentile per numero di risposta
I tuoi punteggi nel tempo
Non hai fatto questo quiz dall'ultimo reset